[Event "ESTCC U65 2018"]
[Site "Walbrzych"]
[Date "2018.04.14"]
[Round "1"]
[White "Holst, Per"]
[Black "Lundgren, Ulf"]
[Result "1-0"]
[WhiteElo "2140"]
[BlackElo "1989"]
[Annotator "NA"]
[PlyCount "139"]
[EventDate "2018.??.??"]
[EventCountry "POL"]
[SourceTitle "playchess.com"]
[Source "ChessBase"]
[SourceQuality "1"]
[WhiteTeam "Denmark"]
[BlackTeam "Sweden"]
[WhiteTeamCountry "DEN"]
[BlackTeamCountry "SWE"]
[TimeControl "40/5400+30:1800+30"]

1. d4 {[%emt 0:00:00]} d5 {[%emt 0:00:41]} 2. Nf3 {[%emt 0:00:00]} Nf6 {[%emt 0:00:37]} 3. c4 {[%emt 0:00:00]} c6 {[%emt 0:01:05]} 4. Qb3 {[%emt 0:00:01]} g6 {[%emt 0:04:02]} 5. g3 {[%emt 0:03:13]} Bg7 {[%emt 0:00:55]} 6. Bg2 {[%emt 0:00:12]} dxc4 {[%emt 0:01:31]} 7. Qxc4 {[%emt 0:00:11]} Be6 {[%emt 0:02:03]} 8. Qc2 {[%emt 0:04:06]} Bf5 {[%emt 0:02:53]} 9. Qb3 {[%emt 0:00:43]} Qb6 {[%emt 0:00:55]} 10. Nbd2 {[%emt 0:03:32]} Ne4 {[%emt 0:07:59]} 11. Nc4 {[%emt 0:09:56]} Qxb3 {[%emt 0:10:16]} 12. axb3 {[%emt 0:00:15]} Na6 {[%emt 0:01:27]} 13. O-O {[%emt 0:02:26]} O-O {[%emt 0:05:05]} 14. Na5 {[%emt 0:09:00]} Bc8 $1 {[%emt 0:17:42]} 15. Bf4 {[%emt 0:05:13]} Nb4 {[%emt 0:01:56]} 16. Ne5 {[%emt 0:10:16]} f5 {[%emt 0:06:55]} 17. Rfd1 {[%emt 0:12:02]} Nd5 {[%emt 0:07:04]} 18. Bc1 $11 {[%emt 0:01:55]} Rd8 {[%emt 0:04:55]} 19. e3 {[%emt 0:08:45]} Kf8 {[%emt 0:05:45]} 20. Nd3 {[%emt 0:01:18]} Rd6 {[%emt 0:01:16]} 21. b4 {[%emt 0:02:14]} b6 {[%emt 0:01:12]} 22. Nc4 {[%emt 0:00:34]} Rd8 {[%emt 0:00:07]} 23. f3 {[%emt 0:04:16]} Nd6 {[%emt 0:01:05]} 24. Nce5 {[%emt 0:01:01]} Bb7 {[%emt 0:00:31]} 25. Bd2 {[%emt 0:00:54]} Nf7 {[%emt 0:03:03]} 26. Nc4 {[%emt 0:00:41]} Nd6 {[%emt 0:01:47]} 27. b3 {[%emt 0:00:22]} Nb5 {[%emt 0:01:04]} 28. Nce5 {[%emt 0:01:49]} Rac8 {[%emt 0:00:30]} 29. Bf1 {[%emt 0:00:52]} Ndc7 {[%emt 0:04:13]} 30. h4 Rd5 {[%emt 0:00:41]} 31. Nf4 {[%emt 0:04:42]} Rd6 {[%emt 0:00:11]} 32. Nc4 {[%emt 0:04:29]} Rd7 {[%emt 0:00:19]} 33. Kf2 {[%emt 0:03:30]} Rcd8 {[%emt 0:00:44]} 34. Nd3 {[%emt 0:01:28]} Rd5 {[%emt 0:00:53]} 35. Rac1 {[%emt 0:01:02]} Ke8 {[%emt 0:00:57]} 36. Be2 {[%emt 0:00:23]} Ne6 {[%emt 0:01:05]} 37. Rh1 {[%emt 0:01:29]} h5 {[%emt 0:00:09]} 38. Nf4 {[%emt 0:00:10]} Nxf4 {[%emt 0:00:24]} 39. gxf4 {[%emt 0:00:15]} Nc7 {[%emt 0:03:31]} 40. Ne5 {[%emt 0:00:00]} R5d6 {[%emt 0:02:09]} 41. Ra1 {[%emt 0:02:43]} a6 {[%emt 0:00:32]} 42. Rag1 {[%emt 0:00:39]} c5 {[%emt 0:01:11]} 43. bxc5 {[%emt 0:04:12]} bxc5 {[%emt 0:00:08]} 44. Ba5 {[%emt 0:00:43]} Bxe5 {[%emt 0:02:49]} 45. Bxc7 {[%emt 0:02:15]} Bf6 {[%emt 0:01:54]} 46. dxc5 {[%emt 0:02:25]} Rc6 {[%emt 0:00:30]} 47. Bxd8 {[%emt 0:00:14]} Kxd8 {[%emt 0:00:06]} 48. b4 {[%emt 0:00:40]} Ke8 {[%emt 0:00:16]} 49. Rc1 {[%emt 0:01:13]} Kf7 {[%emt 0:00:35]} 50. Bc4+ {[%emt 0:01:13]} e6 {[%emt 0:02:44]} 51. b5 {[%emt 0:03:30]} axb5 {[%emt 0:01:02]} 52. Bxb5 {[%emt 0:00:11]} Rc7 {[%emt 0:00:04]} 53. Kg3 {[%emt 0:00:26]} Bc6 {[%emt 0:00:58]} 54. Rb1 {[%emt 0:00:57]} Be7 {[%emt 0:00:19]} 55. Rhc1 {[%emt 0:10:29]} Kf6 {[%emt 0:00:48]} 56. Bxc6 {[%emt 0:02:30]} Rxc6 {[%emt 0:00:07]} 57. Rb5 {[%emt 0:00:09]} Kf7 {[%emt 0:01:11]} 58. Kg2 {[%emt 0:01:45]} Kf6 {[%emt 0:05:24]} 59. Kf2 {[%emt 0:02:08]} Kf7 {[%emt 0:00:13]} 60. Ke2 {[%emt 0:00:17]} Bxh4 {[%emt 0:02:33]} 61. Rb6 {[%emt 0:00:27]} Rc7 {[%emt 0:00:13]} 62. c6 {[%emt 0:00:28]} Bd8 {[%emt 0:00:09]} 63. Rb8 {[%emt 0:00:23]} Be7 {[%emt 0:01:29]} 64. Rb7 {[%emt 0:00:35]} Rc8 {[%emt 0:03:13]} 65. Ra1 {[%emt 0:03:52]} Ke8 {[%emt 0:01:36]} 66. Raa7 {[%emt 0:00:27]} Bc5 {[%emt 0:00:51]} 67. Rc7 {[%emt 0:00:19]} Rd8 {[%emt 0:03:14]} 68. Rab7 {[%emt 0:00:19]} Bf8 {[%emt 0:00:49]} 69. Rh7 {[%emt 0:00:31]} Ra8 {[%emt 0:03:19]} 70. c7 {[%emt 0:00:50]} 1-0

[Event "ESTCC U65 2018"]
[Site "Walbrzych"]
[Date "2018.04.14"]
[Round "1"]
[White "Hammar, Bengt"]
[Black "Dalling, Peter"]
[Result "1-0"]
[WhiteElo "2133"]
[BlackElo "1844"]
[Annotator "NA"]
[PlyCount "51"]
[EventDate "2018.??.??"]
[EventCountry "POL"]
[SourceTitle "playchess.com"]
[Source "ChessBase"]
[SourceQuality "1"]
[WhiteTeam "Sweden"]
[BlackTeam "Sweden"]
[WhiteTeamCountry "SWE"]
[BlackTeamCountry "SWE"]
[TimeControl "40/5400+30:1800+30"]

1. e4 {[%emt 0:00:00]} e5 {[%emt 0:00:06]} 2. Nf3 Nf6 3. Nxe5 {[%emt 0:01:05]} Nc6 {[%emt 0:00:57]} 4. Nxc6 {[%emt 0:01:27]} dxc6 {[%emt 0:00:06]} 5. d3 {[%emt 0:00:42] C42: Petroff Defence: 3 Nxe5 and unusual White 3rd moves} (5. e5 Ne4 6. d4 Be6 7. c3 c5 8. Bd3 f5 9. O-O cxd4 10. cxd4 c6 11. Be3 Qh4 12. f3 Ng5 {1-0 (24) Nestorovic,N (2393)-Nikolic,M (2280) Belgrade 2008}) 5... Bc5 {[%emt 0:00:33]} 6. Be2 {[%emt 0:00:58]} Be6 {[%emt 0:01:31]} 7. c3 {[%emt 0:18:48]} Qe7 {[%emt 0:03:36]} 8. d4 {[%emt 0:01:03]} O-O-O {[%emt 0:03:06]} 9. Nd2 {[%emt 0:00:07]} Bb6 {[%emt 0:00:37]} 10. O-O $146 {[%emt 0:01:17]} ({Predecessor:} 10. a4 a6 11. b3 h5 12. Ba3 Qe8 {1-0 (28) Rey Saravia,F-Holms,L Argentina 1993}) 10... h5 {[%emt 0:02:52]} 11. a4 {[%emt 0:04:49]} a5 {[%emt 0:04:09]} 12. Re1 {[%emt 0:04:09]} Ng4 {[%emt 0:11:27]} 13. Nf3 {[%emt 0:05:46]} c5 {[%emt 0:11:25]} 14. d5 {[%emt 0:02:10]} c4 {[%emt 0:01:24]} 15. Rf1 {[%emt 0:00:06]} c6 {[%emt 0:05:01]} 16. Bxc4 {[%emt 0:09:25]} cxd5 {[%emt 0:11:55]} 17. Bxd5 {[%emt 0:00:42]} Bxd5 {[%emt 0:02:26]} 18. exd5 {[%emt 0:00:09]} Qd6 {[%emt 0:03:00]} 19. Qb3 {[%emt 0:02:18]} Bc7 {[%emt 0:00:58]} 20. g3 {[%emt 0:01:50]} Qf6 {[%emt 0:07:08]} 21. c4 {[%emt 0:00:18]} Rde8 {[%emt 0:01:29]} 22. c5 {[%emt 0:03:23]} Re2 {[%emt 0:03:08]} 23. d6 {[%emt 0:04:06]} Bb8 {[%emt 0:01:42]} 24. Bg5 $18 {[%emt 0:02:36]} Qg6 {[%emt 0:03:40]} 25. Rad1 {[%emt 0:05:47]} f6 {[%emt 0:03:27]} 26. Qb6 1-0

[Event "ESTCC U65 2018"]
[Site "Walbrzych"]
[Date "2018.04.14"]
[Round "1"]
[White "Scrimgour, Alan"]
[Black "Patola, Eero"]
[Result "1-0"]
[WhiteElo "2083"]
[BlackElo "1823"]
[Annotator "NA"]
[PlyCount "69"]
[EventDate "2018.??.??"]
[EventCountry "POL"]
[SourceTitle "playchess.com"]
[Source "ChessBase"]
[SourceQuality "1"]
[WhiteTeam "Scotland"]
[BlackTeam "Finland"]
[WhiteTeamCountry "SCO"]
[BlackTeamCountry "FIN"]
[TimeControl "40/5400+30:1800+30"]

1. e4 d5 2. exd5 Nf6 3. d4 Nxd5 4. Nf3 Bf5 5. Be2 e6 6. O-O Be7 7. c4 Nf6 8. Qb3 Qc8 9. Nc3 O-O 10. h3 h6 11. Be3 c6 12. Rac1 Nbd7 13. Rfd1 Rd8 14. Bf4 Nf8 15. d5 Bd6 16. Bxd6 Rxd6 17. c5 Rxd5 18. Nxd5 Nxd5 19. Nd4 Bg6 20. Bf3 Nd7 21. Bxd5 exd5 22. Re1 Kf8 23. Qe3 Qd8 24. b4 Nf6 25. f3 Qd7 26. g4 a6 27. Qf4 Rd8 28. Re3 Re8 29. Rce1 Rxe3 30. Rxe3 Kg8 31. Qd6 Qxd6 32. cxd6 Kf8 33. Re7 Ne8 34. Rd7 Bd3 35. Rd8 1-0

[Event "ESTCC U65 2018"]
[Site "Walbrzych"]
[Date "2018.04.14"]
[Round "1"]
[White "Hohler, Peter"]
[Black "Lehtosaari, Kalevi"]
[Result "1-0"]
[WhiteElo "2076"]
[BlackElo "1964"]
[Annotator "NA"]
[PlyCount "101"]
[EventDate "2018.??.??"]
[EventCountry "POL"]
[SourceTitle "playchess.com"]
[Source "ChessBase"]
[SourceQuality "1"]
[WhiteTeam "Switzerland"]
[BlackTeam "Finland"]
[WhiteTeamCountry "SUI"]
[BlackTeamCountry "FIN"]
[TimeControl "40/5400+30:1800+30"]

1. d4 {[%emt 0:00:00]} d5 {[%emt 0:00:22]} 2. c4 {[%emt 0:00:13]} c6 {[%emt 0:00:08]} 3. Nf3 {[%emt 0:00:14]} g6 {[%emt 0:01:00]} 4. Bf4 {[%emt 0:09:57]} Bg7 {[%emt 0:00:49]} 5. e3 {[%emt 0:00:48]} Nf6 {[%emt 0:02:09]} 6. h3 {[%emt 0:01:15]} O-O {[%emt 0:02:15]} 7. Nc3 {[%emt 0:00:19]} Nbd7 {[%emt 0:07:02]} 8. Bd3 {[%emt 0:07:12]} Re8 {[%emt 0:03:14]} 9. O-O {[%emt 0:01:51]} Nh5 {[%emt 0:04:56] D93: Grünfeld: 4 Nf3 Bg7 5 Bf4 0-0 6 e3} (9... dxc4 10. Bxc4 e6 11. e4 Nb6 12. Bb3 Nfd7 13. Rc1 Qe7 14. e5 Nd5 15. Bg5 Nxc3 16. bxc3 Qa3 17. Nd2 {1-0 (40) Plischki,S (2374)-Fiala,V (2161) Brno 2010}) 10. Bh2 {[%emt 0:05:05]} Nb6 $146 {[%emt 0:06:39]} ({Predecessor:} 10... e5 11. cxd5 cxd5 12. Nxd5 e4 13. Bc7 exf3 14. Bxd8 fxg2 15. Kxg2 Rxd8 16. Rc1 Bf8 17. Qf3 {1-0 (35) Ruboczki,T (2006)-Beres,I (1744) Hungary 2015}) 11. cxd5 {[%emt 0:06:37]} Nxd5 {[%emt 0:00:45]} 12. Nxd5 {[%emt 0:01:15]} Qxd5 {[%emt 0:04:23]} 13. Qe2 {[%emt 0:05:02]} Be6 {[%emt 0:09:01]} 14. Rfc1 {[%emt 0:07:02]} Bf6 {[%emt 0:08:46]} 15. g4 {[%emt 0:14:18]} Qd7 {[%emt 0:19:39]} 16. gxh5 {[%emt 0:06:33]} Bxh3 {[%emt 0:00:19]} 17. Ne5 {[%emt 0:03:48]} Bxe5 {[%emt 0:11:26]} 18. Bxe5 {[%emt 0:01:06]} Bg4 {[%emt 0:00:08]} 19. f3 {[%emt 0:00:44]} Bxh5 {[%emt 0:00:23]} 20. Kf2 {[%emt 0:05:17]} f6 {[%emt 0:01:10]} 21. Bg3 {[%emt 0:01:25]} e5 {[%emt 0:01:31]} 22. dxe5 {[%emt 0:04:22]} fxe5 {[%emt 0:00:21]} 23. Rd1 {[%emt 0:02:08]} Qe7 {[%emt 0:01:16]} 24. Be4 {[%emt 0:01:14]} Rf8 {[%emt 0:00:57]} 25. Kg2 {[%emt 0:03:13]} Rf7 $18 {[%emt 0:04:32]} 26. Rf1 {[%emt 0:01:50]} Raf8 {[%emt 0:00:21]} 27. Qc4 {[%emt 0:01:55]} Kg7 {[%emt 0:00:27]} 28. Qc3 {[%emt 0:00:39]} Re8 {[%emt 0:01:14]} 29. f4 {[%emt 0:02:15]} Kg8 {[%emt 0:04:16]} 30. fxe5 {[%emt 0:00:56]} Be2 {[%emt 0:01:25]} 31. Rxf7 {[%emt 0:01:33]} Qxf7 {[%emt 0:00:08]} 32. Qd2 {[%emt 0:01:52]} Bg4 {[%emt 0:02:33]} 33. Qf2 {[%emt 0:02:32]} Qe6 {[%emt 0:00:32]} 34. Bc2 {[%emt 0:00:45]} Qe7 {[%emt 0:01:43]} 35. Rf1 {[%emt 0:00:36]} Be6 {[%emt 0:01:19]} 36. Bb3 {[%emt 0:00:46]} Bxb3 {[%emt 0:00:30]} 37. axb3 {[%emt 0:00:02]} Qe6 {[%emt 0:00:01]} 38. Qc2 {[%emt 0:00:55]} b5 {[%emt 0:00:42]} 39. Rf6 {[%emt 0:00:35]} Qd5+ {[%emt 0:00:02]} 40. e4 {[%emt 0:00:00]} Qd4 {[%emt 0:01:30]} 41. Rxc6 {[%emt 0:05:59]} Re7 {[%emt 0:02:41]} 42. Rc8+ {[%emt 0:02:16]} Kg7 {[%emt 0:01:16]} 43. Qf2 {[%emt 0:04:47]} Qxe4+ {[%emt 0:01:50]} 44. Qf3 {[%emt 0:00:04]} Qxf3+ {[%emt 0:04:56]} 45. Kxf3 {[%emt 0:00:01]} h5 {[%emt 0:00:17]} 46. Ke4 {[%emt 0:01:54]} g5 {[%emt 0:00:28]} 47. Kf5 {[%emt 0:03:54]} h4 {[%emt 0:01:24]} 48. Bh2 {[%emt 0:01:16]} Kh6 {[%emt 0:00:48]} 49. Kf6 {[%emt 0:01:46]} Rh7 {[%emt 0:03:58]} 50. e6 {[%emt 0:00:40]} g4 {[%emt 0:09:51]} 51. Bf4+ {[%emt 0:00:09] Rh8} 1-0

[Event "ESTCC U65 2018"]
[Site "Walbrzych"]
[Date "2018.04.14"]
[Round "1"]
[White "Meskanen, Vesa"]
[Black "Ranki, Martti"]
[Result "1-0"]
[WhiteElo "2066"]
[BlackElo "1942"]
[Annotator "NA"]
[PlyCount "91"]
[EventDate "2018.??.??"]
[EventCountry "POL"]
[SourceTitle "playchess.com"]
[Source "ChessBase"]
[SourceQuality "1"]
[WhiteTeam "Finland"]
[BlackTeam "Finland"]
[WhiteTeamCountry "FIN"]
[BlackTeamCountry "FIN"]
[TimeControl "40/5400+30:1800+30"]

1. d4 {[%emt 0:00:00]} d5 {[%emt 0:00:16]} 2. c4 {[%emt 0:00:17]} c6 {[%emt 0:00:25]} 3. Nf3 {[%emt 0:00:01]} Nf6 {[%emt 0:01:34]} 4. Nc3 {[%emt 0:03:35]} e6 {[%emt 0:01:44]} 5. Bg5 {[%emt 0:01:18]} Be7 {[%emt 0:00:31]} 6. e3 {[%emt 0:00:16]} O-O {[%emt 0:00:14]} 7. Qc2 {[%emt 0:01:37]} Nbd7 {[%emt 0:03:20]} 8. Bd3 {[%emt 0:01:54]} Re8 {[%emt 0:03:37]} 9. O-O {[%emt 0:00:31]} a5 {[%emt 0:02:06] D61: Queen's Gambit Declined: Classical: 7 Qc2} (9... Nf8 10. Ne5 Ng6 11. f4 dxc4 12. Bxc4 Nd5 13. Bxe7 Qxe7 14. Rae1 Rf8 15. Ne4 Nh4 16. Ng5 Ng6 17. Nxg6 fxg6 18. Rf3 h6 19. Qxg6 hxg5 20. Bd3 Qf6 {1-0 (20) Leitao,R (2628)-Cohen Farias,P (2242) Belem 2015}) 10. c5 $146 {[%emt 0:05:18]} ({Predecessor:} 10. Rad1 g6 11. Rfe1 dxc4 12. Bxc4 Nd5 13. Bxe7 Qxe7 14. e4 Nxc3 15. Qxc3 {1-0 (44) Matsuura,E (2441)-De Souza Haro,P (2273) Americana 2000}) 10... h6 {[%emt 0:00:55]} 11. Bh4 {[%emt 0:04:24]} b6 {[%emt 0:03:59]} 12. cxb6 {[%emt 0:02:17]} Nxb6 {[%emt 0:04:34]} 13. Ne5 {[%emt 0:04:44]} Bb7 {[%emt 0:00:30]} 14. f4 {[%emt 0:04:00]} Rc8 {[%emt 0:04:17]} 15. f5 {[%emt 0:04:53]} exf5 {[%emt 0:02:32]} 16. Bxf5 {[%emt 0:01:34]} Rc7 {[%emt 0:00:19]} 17. Rf3 {[%emt 0:07:05]} Nc4 {[%emt 0:03:20]} 18. Raf1 {[%emt 0:18:19]} Nd6 {[%emt 0:05:34]} 19. Bd3 {[%emt 0:05:01]} Nfe4 {[%emt 0:06:18]} 20. Be1 {[%emt 0:09:43]} Nf6 {[%emt 0:07:02]} 21. Na4 {[%emt 0:01:17]} Rc8 {[%emt 0:00:48]} 22. Nc5 {[%emt 0:00:46]} Ba8 {[%emt 0:08:16]} 23. Qa4 {[%emt 0:00:56]} Nb7 {[%emt 0:05:50]} 24. Nxb7 {[%emt 0:04:12]} Bxb7 {[%emt 0:00:13]} 25. Bxa5 {[%emt 0:00:25]} Qd6 {[%emt 0:03:27]} 26. Bc3 {[%emt 0:02:34]} (26. b4 $142) 26... Ra8 {[%emt 0:00:51]} 27. Qb3 {[%emt 0:01:48]} Reb8 {[%emt 0:01:21]} 28. a3 {[%emt 0:00:26]} c5 {[%emt 0:01:52]} 29. dxc5 {[%emt 0:02:07]} Qxc5 {[%emt 0:00:49]} 30. Bd4 {[%emt 0:00:12]} Qc7 {[%emt 0:02:15]} 31. Qd1 {[%emt 0:03:20]} Bd6 {[%emt 0:00:25]} 32. Rxf6 {[%emt 0:00:39]} gxf6 {[%emt 0:01:04]} 33. Ng4 {[%emt 0:00:11]} Bc8 {[%emt 0:03:08]} 34. Nxf6+ {[%emt 0:00:47]} Kf8 {[%emt 0:00:30]} 35. Qh5 {[%emt 0:00:11]} Be6 $18 {[%emt 0:01:38]} 36. Qxh6+ {[%emt 0:01:52]} Ke7 {[%emt 0:00:23]} 37. Qh4 {[%emt 0:01:29]} Kf8 {[%emt 0:03:37]} 38. Qh6+ {[%emt 0:02:51]} Ke7 {[%emt 0:00:24]} 39. Nh7 {[%emt 0:00:02]} Be5 {[%emt 0:04:49]} 40. Qg5+ {[%emt 0:00:00]} f6 {[%emt 0:00:39]} 41. Nxf6 {[%emt 0:02:53]} Bxf6 {[%emt 0:01:32]} 42. Qxf6+ {[%emt 0:05:22]} Kd7 {[%emt 0:00:49]} 43. Be5 {[%emt 0:00:37]} Qc5 {[%emt 0:01:01]} 44. Qg7+ {[%emt 0:01:02]} Qe7 {[%emt 0:01:04]} 45. Qxe7+ {[%emt 0:00:21]} Kxe7 {[%emt 0:00:04]} 46. Bxb8 {[%emt 0:00:14]} 1-0

[Event "ESTCC U65 2018"]
[Site "Walbrzych"]
[Date "2018.04.14"]
[Round "1"]
[White "Koskinen, Veikko"]
[Black "Vucenovic, Dragomir"]
[Result "0-1"]
[WhiteElo "2012"]
[BlackElo "2248"]
[Annotator "NA"]
[PlyCount "110"]
[EventDate "2018.??.??"]
[EventCountry "POL"]
[SourceTitle "playchess.com"]
[Source "ChessBase"]
[SourceQuality "1"]
[WhiteTeam "Finland"]
[BlackTeam "Switzerland"]
[WhiteTeamCountry "FIN"]
[BlackTeamCountry "SUI"]
[TimeControl "40/5400+30:1800+30"]

1. Nf3 {[%emt 0:00:00]} d5 {[%emt 0:00:13]} 2. g3 {[%emt 0:00:00]} c6 {[%emt 0:00:32]} 3. Bg2 {[%emt 0:00:11]} Bg4 {[%emt 0:00:18]} 4. d3 {[%emt 0:00:42]} Nd7 {[%emt 0:00:17]} 5. O-O {[%emt 0:00:35]} e5 {[%emt 0:03:50]} 6. Nbd2 {[%emt 0:00:29]} Ngf6 {[%emt 0:00:30]} 7. h3 {[%emt 0:02:26]} Bxf3 {[%emt 0:03:03]} 8. Bxf3 {[%emt 0:00:52] A07: Réti Opening: New York and Capablanca Systems} Be7 {[%emt 0:03:39]} 9. c4 {[%emt 0:07:54]} (9. b3 O-O 10. Bb2 Re8 11. e4 d4 12. Bg2 a5 13. a4 Bb4 {½-½ (52) Jakovenko,D (2704)-Malakhov,V (2713) Doha 2016}) 9... d4 {[%emt 0:02:14]} 10. a3 {[%emt 0:07:22]} a5 {[%emt 0:03:20]} 11. b3 {[%emt 0:01:15]} O-O {[%emt 0:00:59]} 12. Bb2 $146 {[%emt 0:01:28]} ({Predecessor:} 12. Rb1 Nc5 13. Bb2 Nfd7 14. Qc2 {½-½ (56) Angelov,B (2023)-Turcu,I (2232) Belogradchik 2010}) 12... Re8 {[%emt 0:01:39]} 13. Re1 {[%emt 0:05:34]} Qc7 {[%emt 0:02:37]} 14. Qc2 {[%emt 0:06:51]} Rad8 {[%emt 0:08:38]} 15. Rac1 {[%emt 0:03:34]} Bc5 {[%emt 0:05:29]} 16. Nf1 {[%emt 0:06:53]} Nf8 {[%emt 0:01:18]} 17. Rb1 {[%emt 0:04:00]} Ne6 {[%emt 0:02:28]} 18. Bc1 {[%emt 0:01:07]} Qe7 {[%emt 0:09:17]} 19. Qb2 {[%emt 0:01:44]} h6 {[%emt 0:04:06]} 20. b4 axb4 21. axb4 {[%emt 0:03:09]} Ba7 {[%emt 0:04:35]} 22. Ra1 {[%emt 0:07:03]} Bb8 {[%emt 0:00:39]} 23. b5 {[%emt 0:00:54]} c5 {[%emt 0:01:08]} 24. Bg2 {[%emt 0:07:18]} Ng5 {[%emt 0:19:11]} 25. h4 {[%emt 0:03:55]} Ne6 {[%emt 0:00:11]} 26. Nh2 {[%emt 0:01:48]} Nf8 {[%emt 0:01:58]} 27. Qc2 {[%emt 0:01:11]} e4 {[%emt 0:01:32]} 28. dxe4 {[%emt 0:02:13]} Nxe4 {[%emt 0:00:13]} 29. Qd3 {[%emt 0:00:42]} Nd7 {[%emt 0:03:56]} 30. Ba3 {[%emt 0:07:19]} Bd6 {[%emt 0:02:07]} 31. Bb2 {[%emt 0:01:43]} f5 {[%emt 0:01:22]} 32. Nf3 $2 {[%emt 0:02:32]} (32. e3 $1 $15) 32... f4 {[%emt 0:02:05]} 33. gxf4 $19 {[%emt 0:02:33]} Bxf4 {[%emt 0:00:45]} 34. Bc1 {[%emt 0:00:30]} Bb8 {[%emt 0:00:55]} 35. e3 {[%emt 0:03:35]} dxe3 {[%emt 0:01:39]} 36. Bxe3 {[%emt 0:02:18]} Ndf6 {[%emt 0:00:25]} 37. Qc2 {[%emt 0:00:31]} Qf7 {[%emt 0:03:13]} 38. Rad1 {[%emt 0:00:51]} Rxd1 {[%emt 0:02:30]} 39. Rxd1 {[%emt 0:00:07]} Qe6 {[%emt 0:03:04]} 40. Rd3 {[%emt 0:04:06]} Qg4 {[%emt 0:32:27]} 41. Qd1 {[%emt 0:01:08]} Bc7 {[%emt 0:00:00]} 42. Kf1 {[%emt 0:04:52]} Qf5 {[%emt 0:00:00]} 43. Kg1 {[%emt 0:03:04]} Ng4 {[%emt 0:00:00]} 44. Rd5 {[%emt 0:06:47]} Nxe3 {[%emt 0:00:00]} 45. fxe3 {[%emt 0:00:15]} Qg4 {[%emt 0:00:00]} 46. Qd3 {[%emt 0:01:44]} Qg3 {[%emt 0:00:00]} 47. Qc2 {[%emt 0:01:13]} Nf6 {[%emt 0:00:00]} 48. Rd3 {[%emt 0:02:08]} Ng4 {[%emt 0:00:00]} 49. Qe2 {[%emt 0:01:20]} Ne5 {[%emt 0:00:00]} 50. Nxe5 {[%emt 0:06:44]} Bxe5 {[%emt 0:00:00]} 51. Qf2 {[%emt 0:02:07]} Qg6 {[%emt 0:00:54]} 52. Rd1 {[%emt 0:01:48]} Rf8 {[%emt 0:00:54]} 53. Qd2 {[%emt 0:00:22]} Qg3 {[%emt 0:00:25]} 54. Qd5+ {[%emt 0:00:44]} Kh8 {[%emt 0:00:16]} 55. Qe4 {[%emt 0:00:54]} Qh2# {[%emt 0:00:10]} 0-1

[Event "ESTCC U65 2018"]
[Site "Walbrzych"]
[Date "2018.04.14"]
[Round "1"]
[White "Wademark, Helge"]
[Black "Jorgensen, Brian Jorgen"]
[Result "1/2-1/2"]
[WhiteElo "2005"]
[BlackElo "2255"]
[Annotator "NA"]
[PlyCount "96"]
[EventDate "2018.??.??"]
[EventCountry "POL"]
[SourceTitle "playchess.com"]
[Source "ChessBase"]
[SourceQuality "1"]
[WhiteTeam "Sweden"]
[BlackTeam "Denmark"]
[WhiteTeamCountry "SWE"]
[BlackTeamCountry "DEN"]
[TimeControl "40/5400+30:1800+30"]

1. e4 {[%emt 0:00:00]} c6 {[%emt 0:00:06]} 2. d4 {[%emt 0:00:00]} g6 {[%emt 0:00:16]} 3. c3 {[%emt 0:01:33]} Bg7 {[%emt 0:00:39]} 4. Be3 {[%emt 0:01:32]} d5 {[%emt 0:00:43] B06: Modern Defence} 5. Nd2 {[%emt 0:00:43]} Nf6 {[%emt 0:04:28]} 6. Bd3 {[%emt 0:01:46]} (6. e5 Ng4 7. Bf4 f6 8. Ngf3 O-O 9. exf6 exf6 10. Bd3 Re8+ 11. Kf1 Nh6 12. Qc2 {1-0 (22) Gergacz,A (2425)-Supancic,D (2354) Austria 2011}) 6... O-O {[%emt 0:06:17]} 7. Ngf3 {[%emt 0:04:13]} dxe4 {[%emt 0:05:24]} 8. Nxe4 {[%emt 0:02:55]} Nxe4 {[%emt 0:03:03]} 9. Bxe4 {[%emt 0:02:15]} Nd7 {[%emt 0:02:54]} 10. O-O $146 {[%emt 0:03:10]} ({Predecessor:} 10. Qc2 Nf6 11. Bd3 Nd5 12. Bd2 {0-1 (33) Cardenas,I-Elias,B (1618) ICCF email 2009}) 10... Qc7 {[%emt 0:11:23]} 11. Bc2 {[%emt 0:12:03]} Nf6 {[%emt 0:10:04]} 12. Qd2 {[%emt 0:06:12]} Be6 {[%emt 0:01:41]} 13. Bf4 {[%emt 0:04:14]} Qa5 {[%emt 0:02:21]} 14. Be5 {[%emt 0:07:09]} Bd5 {[%emt 0:08:25]} 15. Qe2 {[%emt 0:01:05]} b5 {[%emt 0:04:16]} 16. b3 {[%emt 0:02:35]} (16. Rfe1 $14) 16... Qxc3 {[%emt 0:00:32]} 17. Bd3 {[%emt 0:01:14]} Qa5 {[%emt 0:01:36]} 18. Rac1 {[%emt 0:00:42]} Qb6 {[%emt 0:02:09]} 19. Rc2 {[%emt 0:01:33]} a5 {[%emt 0:00:51]} 20. h3 {[%emt 0:03:35]} a4 {[%emt 0:01:55]} 21. b4 {[%emt 0:01:15]} a3 {[%emt 0:00:11]} 22. Nd2 {[%emt 0:03:28]} Qd8 {[%emt 0:04:43]} 23. Nb3 {[%emt 0:05:16]} Bxb3 {[%emt 0:07:05]} 24. axb3 {[%emt 0:00:12]} Ra6 {[%emt 0:00:51]} 25. Ra1 {[%emt 0:01:17]} Nd5 {[%emt 0:01:13]} 26. Bxg7 {[%emt 0:04:18]} Kxg7 {[%emt 0:00:15]} 27. Qd2 {[%emt 0:00:27]} Qd6 {[%emt 0:00:35]} 28. Rc5 {[%emt 0:00:19]} Rd8 {[%emt 0:04:35]} 29. Be4 {[%emt 0:03:23]} Qf4 $17 {[%emt 0:06:27]} (29... Nf6 $19 {is more deadly.} 30. Bf3 e5) 30. Qxf4 {[%emt 0:04:34]} Nxf4 {[%emt 0:00:02]} 31. Bxc6 {[%emt 0:00:12]} Ne2+ {[%emt 0:02:22]} 32. Kf1 {[%emt 0:04:59]} Nxd4 {[%emt 0:00:14]} 33. Bxb5 {[%emt 0:00:13]} Rb6 {[%emt 0:04:50]} 34. Bc4 {[%emt 0:06:22]} Rxb4 {[%emt 0:01:52]} 35. Rxa3 {[%emt 0:01:30]} Rdb8 {[%emt 0:00:59]} 36. Rc7 {[%emt 0:01:22]} Kf6 {[%emt 0:00:55]} 37. Raa7 {[%emt 0:01:32]} Re8 {[%emt 0:00:12]} 38. Rab7 {[%emt 0:02:08]} Rxb7 {[%emt 0:00:16]} 39. Rxb7 {[%emt 0:00:01]} Ra8 {[%emt 0:01:08]} 40. g3 {[%emt 0:00:00]} Ra2 {[%emt 0:01:09]} 41. Rb6+ {[%emt 0:05:15]} e6 {[%emt 0:00:44]} 42. Rb7 {[%emt 0:03:38]} Nf3 {[%emt 0:02:04]} 43. Kg2 {[%emt 0:02:40]} Ne1+ {[%emt 0:02:10]} 44. Kf1 {[%emt 0:00:20]} Nf3 {[%emt 0:00:30]} 45. Kg2 {[%emt 0:03:25]} Nd2 {[%emt 0:09:50]} 46. Bd3 {[%emt 0:03:15]} Ra3 {[%emt 0:00:31]} 47. Bc2 {[%emt 0:00:44]} Ra2 {[%emt 0:00:18]} 48. Bd3 {[%emt 0:00:12]} Ra3 {[%emt 0:00:22]} 1/2-1/2